El destino de la mujer (Registro nro. 96115)

Detalles MARC
000 -LEADER
campo de control de longitud fija 00598nam a2200193 i 4500
001 - NÚMERO DE CONTROL
campo de control 96115
003 - IDENTIFICADOR DE NÚMERO DE CONTROL
campo de control ES-MaACL
005 - FECHA Y HORA DE LA ÚLTIMA TRANSACCIÓN
campo de control 20240428063033.0
007 - CAMPO FIJO DE DESCRIPCIÓN FÍSICA--INFORMACIÓN GENERAL
campo de control de longitud fija t|
008 - DATOS DE LONGITUD FIJA--INFORMACIÓN GENERAL
campo de control de longitud fija 050610s1930 sp ||||1| spa d
080 ## - NÚMERO DE LA CLASIFICACIÓN DECIMAL UNIVERSAL
Número de la Clasificación Decimal Universal 159.922.1-055.2
100 1# - ENTRADA PRINCIPAL--NOMBRE DE PERSONA
Nombre de persona Diego-Madrazo, Enrique,
Fechas asociadas al nombre 1850-1942
9 (RLIN) 165773
245 13 - MENCIÓN DEL TÍTULO
Título El destino de la mujer
Resto del título : (cartas entre mujeres) /
Mención de responsabilidad, etc. Enrique Diego Madrazo.
260 ## - PUBLICACIÓN, DISTRIBUCIÓN, ETC.
Lugar de publicación, distribución, etc. Madrid :
Nombre del editor, distribuidor, etc. [s.n.],
Fecha de publicación, distribución, etc. 1930 (
Fabricante Imp. Viuda Galo Sáez)
300 ## - DESCRIPCIÓN FÍSICA
Extensión 318 p. ;
Dimensiones 19 cm.
650 04 - PUNTO DE ACCESO ADICIONAL DE MATERIA--TÉRMINO DE MATERIA
Término de materia o nombre geográfico como elemento de entrada Mujeres-
Subdivisión general Psicología.
9 (RLIN) 15309
852 ## - LOCALIZACIÓN
Ubicación ES-MaACL
Número de control de estantería B-12870
Existencias
Estatus retirado Estado de pérdida Estado de daño No para préstamo Biblioteca de origen Biblioteca actual Ubicación en estantería Fecha de adquisición Fuente de adquisición Total de préstamos Signatura topográfica completa Código de barras Visto por última vez Precio de reemplazo Tipo de ítem Koha
        Biblioteca del Ateneo de Madrid Biblioteca del Ateneo de Madrid Sala Pardo Bazán 17/01/2008     B-12870 1100351 23/02/2023 23/02/2023 Libro impreso